| 000 | 00745nam a2200205 a 4500 | ||
|---|---|---|---|
| 003 | 0 | ||
| 005 | 20250212143433.0 | ||
| 008 | 130905s19uu xx 00 eng d | ||
| 050 |
_aPHS LB 3609 _b.K49 2012 |
||
| 100 | _aKim, Jeong Il. | ||
| 245 |
_aThe level of stress among male and female 4th year school students in SISC / _cKim Jeong Il. |
||
| 260 |
_aLas PiƱas City, Philippines : _bSouthville International School and Colleges, _c2012. |
||
| 300 |
_a54 pages : _billustrations ; _c28 cm. |
||
| 504 | _aIncludes bibliographical references. | ||
| 650 | _aStress in youth. | ||
| 650 |
_aHigh school students _vPsychology. |
||
| 650 |
_aAcademic stress _vGender differences. |
||
| 650 | _aStress management in education. | ||
| 942 |
_2lcc _cPASS |
||
| 999 |
_c99099 _d99099 |
||